Living wisely: (Record no. 5775)

000 -LEADER
fixed length control field 00649nam a2200193 a 4500
001 - CONTROL NUMBER
control field :::00003517$&:&@@
003 - CONTROL NUMBER IDENTIFIER
control field OkBaRHE
005 - DATE AND TIME OF LATEST TRANSACTION
control field 20000607103306.0
008 - FIXED-LENGTH DATA ELEMENTS--GENERAL INFORMATION
fixed length control field s1969 j 000 0 eng u
040 ## - CATALOGING SOURCE
Transcribing agency
100 1# - MAIN ENTRY--PERSONAL NAME
Personal name Blair, J. Allen.
245 10 - TITLE STATEMENT
Title Living wisely:
Remainder of title a devotional study of the First Epistle to the Corinthians.
250 ## - EDITION STATEMENT
Edition statement [1st ed.]
260 ## - PUBLICATION, DISTRIBUTION, ETC. (IMPRINT)
Place of publication, distribution, etc Neptune, NJ., :
Name of publisher, distributor, etc Loizeaux Brothers
Date of publication, distribution, etc 1969
300 ## - PHYSICAL DESCRIPTION
Extent 381 p. ;
Dimensions 20 cm.
650 ## - SUBJECT ADDED ENTRY--TOPICAL TERM
Topical term or geographic name as entry element Bible New Testament 1 Corinthians, Devotional Literature
942 ## - ADDED ENTRY ELEMENTS (KOHA)
Source of classification or shelving scheme
Koha item type Books
Copies
Permanent Location Shelving location Copy number Date last seen Source of classification or shelving scheme Price effective from Barcode Damaged status Lost status Full call number Withdrawn status Not for loan Koha item type Date acquired
RHEMA Bible Training CollegeGeneral Stacks12018-04-03 2010-04-143517  BS 2675.4 .B53  Books2010-04-14